The contradictory logic of global ecosystem services markets /
A) El texto discute los modelos resientes de conservación de la naturaleza inspirados por el Banco Mundial y la Organización de Naciones Unidas. Los países y empresas capitalistas contaminan el medio ambiente y el social. Se dice ahora que deben de pagar por esa contaminación. Para compensar esta pe...
Spremljeno u:
| Glavni autor: | |
|---|---|
| Format: | Tekst |
| Teme: | |
| Oznake: |
Dodaj oznaku
Bez oznaka, Budi prvi tko označuje ovaj zapis!
|
MARC
| LEADER | 00000 a a2200000 04500 | ||
|---|---|---|---|
| 001 | 43376 | ||
| 003 | |||
| 040 | |||
| 100 | |a McAfee, Kathleen | ||
| 245 | |a The contradictory logic of global ecosystem services markets / |c Kathleen McAfee | ||
| 520 | |a A) El texto discute los modelos resientes de conservación de la naturaleza inspirados por el Banco Mundial y la Organización de Naciones Unidas. Los países y empresas capitalistas contaminan el medio ambiente y el social. Se dice ahora que deben de pagar por esa contaminación. Para compensar esta perdida se ha impulsado la compra de bonos de carbono, esto sería que los paises que contaminan paguen a los que no para así tener al menos en términos ideales un compensación de la destrucción de la naturaleza. Este tipo de medidas son consideradas en el texto neoliberales. | ||
| 590 | |a lorenzo3-12-14 | ||
| 650 | |a MEDIO AMBIENTE | ||
| 650 | |a ocde/ | ||
| 650 | |a MEDIO SOCIAL | ||
| 650 | |a ocde/ | ||
| 650 | |a NEOLIBERALISMO | ||
| 650 | |a BANCO MUNDIAL | ||
| 650 | |a ocde | ||
| 650 | |a CAPITALISMO | ||
| 773 | |g volumen43, número1 (2012), páginas 105-131 | ||
| 999 | |c 22664 |d 22664 | ||
